| Record ID | ia:labouchepleinede0000scep |
| Source | Internet Archive |
| Download MARC XML | https://archive.org/download/labouchepleinede0000scep/labouchepleinede0000scep_marc.xml |
| Download MARC binary | https://www.archive.org/download/labouchepleinede0000scep/labouchepleinede0000scep_meta.mrc |
LEADER: 01030cam 2200313Ia 4500
001 ocm26706238
003 OCoLC
005 20200812010644.0
008 921001s1988 fr 000 1 fre d
040 $aFBF$bfre$cFBF$dOCLCQ
020 $a2877060187
020 $a9782877060189
035 $a(OCoLC)26706238
041 1 $afre$hsrp
082 04 $a891.8$bSCE
100 1 $aŠćepanović, Branimir,$d1937-
240 10 $aUsta puna zemlje.$lFrançais
245 13 $aLa Bouche pleine de terre :$broman /$cBranimir Scepanovic ; traduit du serbo-croate par Jean Descat.
260 $a[Paris] :$bEditions de Fallois ;$aLausanne, Suisse :$bL'Age d'homme,$c©1988.
300 $a80 pages ;$c20 cm
336 $atexte$btxt$2rdacontent/fre
337 $asans médiation$bn$2rdamedia/fre
338 $avolume$bnc$2rdacarrier/fre
500 $aTraduction de : Usta puna zemlje.
700 1 $aDescat, Jean,$etrad.
029 1 $aUNITY$b116811250
029 1 $aZWZ$b001294113
994 $aZ0$bP4A
948 $hNO HOLDINGS IN P4A - 3 OTHER HOLDINGS